| 000 | 00000nam##2200000za#4500 |
| 001 | 9.688481 |
| 003 | CaOODSP |
| 005 | 20210624231438 |
| 007 | cr ||||||||||| |
| 008 | 150407|2001||||xxc|||||o f|0| 0 eng|d |
| 040 | |aCaOODSP|beng |
| 043 | |an-cn--- |
| 086 | 1 |aSW21-82/2001E-PDF |
| 110 | 1 |aCanada. |bStatus of Women Canada. |
| 245 | 14|aThe impact of relationship recognition on lesbian women in Canada : |h[electronic resource]|bstill separate and only somewhat "equivalent" / |c[by] Kathleen A. Lahey. |
| 260 | |aOttawa - Ontario : |bStatus of Women Canada |c2001. |
| 300 | |a138p.|bgraph, references, tables |
| 500 | |a"This policy research paper was proposed and developed under a call for proposals in August 1998, entitled The intersection of gender and sexual orientation: implications of policy changes for women in lesbian relationships. The purpose of this call was to examine the implications, for women in lesbian relationships, of possible reforms which would bring government policy and programs into conformity with the recent court decisions requiring the inclusion of same-sex couples."--Preface. |
| 500 | |aThe catalogue number and ISBN for the 2001 print edition have been incorrectly copied in this electronic edition. |
| 520 | 3 |aThis policy research paper was proposed and developed under a call for proposals in August 1998, entitled The intersection of gender and sexual orientation: implications of policy changes for women in lesbian relationships. The purpose of this call was to examine the implications, for women in lesbian relationships, of possible reforms which would bring government policy and programs into conformity with the recent court decisions requiring the inclusion of same-sex couples.--Preface |
| 590 | |a06-10-Supp|b2006-12-15 |
| 690 | 07|aGender discrimination|2gcpds |
| 690 | 07|aSame-sex couples|2gcpds |
| 690 | 07|aStatus of women|2gcpds |
| 720 | 1 |aLahey, Kathleen A. |
| 775 | 08|tL'effet de la reconnaissance des unions sur les lesbiennes au Canada : |w(CaOODSP)9.632906 |
| 776 | 0#|tThe impact of relationship recognition on lesbian women in Canada : |w(CaOODSP)9.663019 |
| 776 | 0#|tL'effet de la reconnaissance des unions sur les lesbiennes au Canada : |w(CaOODSP)9.663020 |
| 856 | 40|ahttp://publications.gc.ca|qPDF|s666 KB|uhttps://publications.gc.ca/collections/Collection/SW21-82-2001E.pdf |